• 首页
  • 本馆介绍
  • 公告通知
  • 最新文献
  • 馆藏检索
  • 电子资源
  • 读者导购
  • 参考咨询
  • 我的图书馆
  • 登录
  • 详细信息显示
  • 放入我的书架
  • 预约/预借图书
  • 作者相关作品
  • 分类相关作品
  • 丛书相关作品
  • 出版社相关作品

书目信息

  • 表格格式
  • 工作单格式
  • 卡片格式
题名:
国家建筑标准设计图集
    
 
作者: ;中国建筑标准设计研究院组织 编制
分册:   10MR604-1
出版信息: 北京   中国计划出版社  2012.7
页数: 52页
开本: 20X35cm
丛书名:
单 册:
中图分类: TU206 , U412.37-64 , U448.11-64
科图分类:
主题词: 建筑设计--中国--图集 , 城市道路--建筑设计--中国--图集 , 人行桥--建筑设计--中国--图集
电子资源:
ISBN: 978-7-80242-782-2
000 01069nam0 2200277 45
001 1338868203
005 20130514152625.03
010    @a978-7-80242-782-2@dCNY62.00
100    @a20130108d2011 ekmy0chiy0120 ea
101 0  @achi
102    @aCN@b110000
105    @ay z 000yy
106    @ar
200 1  @a国家建筑标准设计图集@AGuo Jia Jian Zhu Biao Zhun She Ji Tu Ji@e城市道路、人行天桥@ECheng Shi Dao Lu、 Ren Xing Tian Qiao@i10MR604-1@f中国建筑标准设计研究院组织编制@FZhong Guo Jian Zhu Biao Zhun She Ji Yan Jiu Yuan Zu Zhi Bian Zhi
210    @a北京@c中国计划出版社@d2012.7
215    @a52页@d20X35cm
517 1  @a城市道路、人行 天桥@ACheng Shi Dao Lu、 Ren Xing Tian Qiao
606 0  @a建筑设计@y中国@j图集
606 0  @a城市道路@x建筑设计@y中国@j图集
606 0  @a人行桥@x建筑设计@y中国@j图集
690    @aTU206@v5
690    @aU412.37-64@v5
690    @aU448.11-64@v5
711 02 @a中国建筑标准设计研究院组织@AZhong Guo Jian Zhu Biao Zhun She Ji Yan Jiu Yuan Zu Zhi@4编制
801    @aCN@bTANGWEI@c20130108
905    @b0828891-95@dTU206@e577@f5
    
    国家建筑标准设计图集:城市道路、人行天桥.10MR604-1/中国建筑标准设计研究院组织编制.-北京:中国计划出版社,2012.7
    52页;20X35cm
    
    
    ISBN 978-7-80242-782-2:CNY62.00
    
●
相关链接 在E读中查询图书 在五车中查询图书 在当当中查询图书 在豆瓣中查询图书


正题名:国家建筑标准设计图集     索取号:TU206/577         预约/预借

序号 登录号 条形码 馆藏地/架位号 状态 备注
1 0828891   208288912   第二样本阅览室/ [索取号:TU206/577] 在馆    
2 0828892   208288921   第三借阅区/ [索取号:TU206/577] 在馆    
3 0828893   208288930   第三借阅区/ [索取号:TU206/577] 在馆    
4 0828894   208288949   第三借阅区/ [索取号:TU206/577] 在馆    
5 0828895   208288958   第三借阅区/ [索取号:TU206/577] 在馆    
唐山师范学院图书馆 欢迎您!
大连网信软件有限公司© 版权所有